000 00303nam a22001337a 4500
008 181102b xxu||||| |||| 00| 0 eng d
020 _a063059957000259500000000
041 _aeng
080 _a610
100 _a4
101 _aSHM
245 _aArrhythmia Interpretation
_cNoone, J
942 _2udc
_cBK
999 _c51734
_d51734